La medición de la responsabilidad laboral (el trabajo y el salario).

Detalles Bibliográficos
Autor principal: Jaques, Elliott
Formato: Libro
Lenguaje:inglés
Publicado: Buenos Aires Horme 1968
Colección:Economía de hoy 1
Materias:

MARC

LEADER 00000cam a2200000 a 4500
001 009189
003 UAHC_CL
005 20170803120536.0
008 010822b xx j 000 1 eng
040 |a UAHC_CL  |c UAHC_CL  |d UAHC_CL 
100 1 |a Jaques, Elliott 
245 1 3 |a La medición de la responsabilidad laboral (el trabajo y el salario). 
260 |b Horme  |c 1968  |a Buenos Aires 
300 |a 192 p. 
490 0 |a Economía de hoy  |v 1 
650 4 |a SALARIOS 
650 4 |a DERECHO DEL TRABAJO 
650 4 |a MERCADO DEL TRABAJO 
900 |a 331 JAQ 
942 |c BK 
952 |0 0  |1 0  |4 0  |6 331_000000000000000_JAQ  |7 0  |8 General  |9 19374  |a BC  |b BC  |c General  |d 2017-08-03  |l 0  |o 331 JAQ  |p 1305732  |r 2026-01-13 00:00:00  |t 1  |w 2017-08-03  |y BK 
999 |c 9189  |d 9189